All Countries by Internet Users - Statistics

General Stats
  • This quiz has been taken 59 times
  • The average score is 140 of 196
Answer Stats
Internet users Country % Population % Correct
1,302,290,203 C China 91.6 1,421,714,195
100%
1,031,655,057 I India 70 1,473,792,938
100%
209,234,081 I Indonesia 72.8 287,409,452
97%
110,328,681 M Mexico 83.1 132,766,163
97%
148,049,582 P Pakistan 57.3 258,376,234
97%
135,434,070 R Russia 94.4 143,468,295
97%
94,701,236 B Bangladesh 53.4 177,343,138
95%
180,324,208 B Brazil 84.5 213,401,430
95%
104,807,577 J Japan 85.5 122,581,961
95%
333,511,115 U United States 94.7 352,176,468
95%
85,927,517 V Vietnam 84.2 102,051,683
95%
78,247,731 G Germany 93.5 83,687,413
92%
99,427,634 N Nigeria 41.2 241,329,209
92%
89,305,872 E Egypt 74.6 119,712,965
89%
79,337,539 I Iran 85.3 93,010,011
89%
78,904,897 T Turkey 89.8 87,867,369
89%
26,111,813 A Australia 96.1 27,171,502
86%
61,477,424 F France 88.7 69,309,384
86%
67,228,700 U United Kingdom 95.5 70,396,544
86%
38,133,770 C Canada 94.4 40,395,943
84%
42,683,229 C Colombia 79.3 53,825,005
84%
41,235,077 A Argentina 89.7 45,969,985
81%
52,608,302 I Italy 89.2 58,977,917
81%
35,569,578 M Malaysia 98 36,295,488
81%
35,840,010 M Morocco 91.2 39,298,257
81%
79,087,889 P Philippines 67.3 117,515,437
81%
33,557,448 P Poland 88.6 37,875,224
81%
51,194,095 S South Africa 78.4 65,298,591
81%
10,242,554 S Sweden 95.8 10,691,601
81%
32,671,109 U Ukraine 82.5 39,601,344
81%
37,073,559 A Algeria 77.4 47,898,655
78%
11,277,020 B Belgium 95.8 11,771,420
78%
19,050,833 C Chile 95.6 19,927,650
78%
29,560,098 E Ethiopia 21.4 138,131,300
78%
5,268,653 F Finland 93.7 5,622,895
78%
8,998,385 H Hungary 93.8 9,593,161
78%
38,946,242 I Iraq 81.5 47,786,800
78%
18,053,606 N Netherlands 97 18,611,965
78%
28,574,017 P Peru 82 34,846,362
78%
17,187,378 R Romania 91.3 18,825,168
78%
45,851,548 S Spain 95.8 47,861,741
78%
22,498,374 T Tanzania 31.2 72,110,173
78%
65,061,466 T Thailand 90.9 71,574,770
78%
33,630,793 U Uzbekistan 89.5 37,576,305
78%
21,941,681 V Venezuela 76.7 28,607,146
78%
16,259,304 A Angola 40.7 39,949,149
76%
8,440,674 B Belarus 94.3 8,950,874
76%
14,107,625 C Cameroon 46.3 30,470,032
76%
6,119,813 D Denmark 99.8 6,132,077
76%
10,547,179 D Dominican Republic 91 11,590,307
76%
22,780,311 D D. R. Congo 19.7 115,636,096
76%
14,212,589 E Ecuador 77.2 18,410,090
76%
25,671,844 G Ghana 72.2 35,556,571
76%
11,381,015 G Guatemala 60.2 18,905,341
76%
11,027,412 J Jordan 95.6 11,534,950
76%
19,643,547 K Kazakhstan 93.4 21,031,635
76%
20,436,131 K Kenya 35 58,388,946
76%
9,482,201 M Mali 36.8 25,766,850
76%
25,020,870 M Myanmar 45.4 55,112,048
76%
5,592,039 N Norway 99 5,648,524
76%
35,032,627 S Saudi Arabia 100 35,032,627
76%
50,532,612 S South Korea 97.9 51,616,560
76%
12,733,834 S Sri Lanka 54.6 23,322,041
76%
22,273,710 T Taiwan 96.7 23,033,826
76%
7,471,904 Y Yemen 17.5 42,696,596
76%
3,827,766 Z Zambia 17.1 22,384,599
76%
7,155,636 Z Zimbabwe 41.6 17,201,048
76%
7,208,684 A Afghanistan 16.1 44,774,435
73%
9,481,761 A Azerbaijan 90.8 10,442,468
73%
10,131,346 B Bolivia 79.7 12,711,852
73%
12,334,277 C Cambodia 68.5 18,006,244
73%
7,686,506 C Cuba 70.5 10,902,846
73%
8,549,608 G Greece 86.3 9,906,846
73%
5,752,053 H Haiti 47.9 12,008,461
73%
6,531,068 H Honduras 58.6 11,145,167
73%
5,196,564 I Ireland 97.2 5,346,259
73%
13,793,882 I Ivory Coast 41.4 33,318,556
73%
6,787,000 K Kyrgyzstan 92 7,377,174
73%
7,464,316 M Mozambique 20.5 36,411,296
73%
13,713,875 N Nepal 46.3 29,619,601
73%
5,370,341 O Oman 95.3 5,635,195
73%
5,774,912 P Paraguay 81.6 7,077,098
73%
9,203,140 P Portugal 88.5 10,399,028
73%
3,101,840 Q Qatar 98.1 3,161,916
73%
11,580,659 S Senegal 60.1 19,268,984
73%
9,843,375 S Sudan 18.6 52,921,371
73%
8,756,510 S Switzerland 97.3 8,999,496
73%
12,935,703 S Syria 49.2 26,292,080
73%
6,102,307 T Tajikistan 55.8 10,936,034
73%
9,486,519 T Tunisia 76.5 12,400,678
73%
11,531,139 U United Arab Emirates 100 11,531,139
73%
8,370,567 A Austria 91.9 9,108,343
70%
5,503,283 B Bulgaria 82.4 6,678,741
70%
9,236,981 C Czech Republic 87.7 10,532,476
70%
3,188,965 G Georgia 83.8 3,805,448
70%
8,483,483 I Israel 88.2 9,618,461
70%
6,167,386 L Libya 82 7,521,202
70%
4,950,256 N New Zealand 93.5 5,294,391
70%
5,568,081 S Singapore 94.4 5,898,391
70%
4,897,008 S Slovakia 89.8 5,453,238
70%
5,624,292 S Somalia 27.9 20,158,752
70%
4,694,510 U Uganda 8.95 52,452,630
70%
5,130,562 B Benin 34 15,089,887
68%
2,686,163 B Bosnia and Herzegovina 86.1 3,119,818
68%
6,928,928 B Burkina Faso 28.3 24,483,844
68%
4,518,647 C Costa Rica 87.4 5,170,077
68%
3,200,056 C Croatia 83.6 3,827,818
68%
4,246,443 E El Salvador 66.5 6,385,629
68%
5,086,888 K Kuwait 100 5,086,888
68%
39,320 L Liechtenstein 98.3 40,000
68%
2,499,715 L Lithuania 89.2 2,802,371
68%
6,235,806 M Madagascar 18.7 33,346,556
68%
4,304,849 M Malawi 19 22,657,102
68%
37,620 M Monaco 99 38,000
68%
3,019,390 M Mongolia 85.1 3,548,049
68%
4,345,466 N Nicaragua 61.4 7,077,307
68%
4,463,582 N Niger 15.6 28,612,702
68%
3,358,931 P Panama 72.8 4,613,916
68%
4,697,713 R Rwanda 31.7 14,819,285
68%
33,116 S San Marino 97.4 34,000
68%
5,833,669 S Serbia 87.7 6,651,846
68%
3,904,006 T Togo 39.5 9,883,559
68%
3,112,772 U Uruguay 92 3,383,448
68%
892 V Vatican City 89.2 1,000
68%
2,366,954 A Albania 85.9 2,755,476
65%
78,873 A Andorra 94.4 83,552
65%
68,739 A Antigua and Barbuda 72.7 94,552
65%
2,386,542 A Armenia 81.3 2,935,476
65%
2,700,770 C Chad 12.6 21,434,683
65%
54,120 D Dominica 82 66,000
65%
1,228,832 E Estonia 92.2 1,332,790
65%
699,270 F Fiji 74.7 936,105
65%
45,030 F F. S. Micronesia 39.5 114,000
65%
82,134 G Grenada 70.2 117,000
65%
5,116,701 G Guinea 33.3 15,365,467
65%
393,885 I Iceland 98.2 401,105
65%
2,553,743 J Jamaica 90.1 2,834,343
65%
122,971 K Kiribati 89.4 137,552
65%
1,491,499 K Kosovo 89.4 1,668,343
65%
5,216,264 L Laos 65.6 7,951,622
65%
1,704,876 L Latvia 92.7 1,839,133
65%
4,744,325 L Lebanon 80.6 5,886,259
65%
679,486 L Luxembourg 99.1 685,657
65%
515,090 M Malta 93.9 548,552
65%
2,297,010 M Moldova 77.4 2,967,713
65%
557,310 M Montenegro 88.9 626,895
65%
5,000-8,000 N North Korea 0.02 26,621,021
65%
2,050,483 P Papua New Guinea 18.8 10,906,824
65%
3,123,473 R Republic of the Congo 47.3 6,603,538
65%
36,143 S Saint Kitts and Nevis 76.9 47,000
65%
46,757 S Samoa 21.2 220,552
65%
69,724 T Tonga 67.4 103,448
65%
3,168 T Tuvalu 35.2 9,000
65%
76,431 V Vanuatu 22.4 341,210
65%
374,211 B Bahamas 92.5 404,552
62%
199,232 B Barbados 70.4 283,000
62%
342,126 B Belize 80 427,657
62%
291,012 C Comoros 32.5 895,420
62%
780,901 D Djibouti 65.3 1,195,867
62%
1,249,356 E Equatorial Guinea 63.3 1,973,706
62%
803,194 E Eswatini 63.4 1,266,867
62%
1,810,187 G Gabon 68.7 2,634,916
62%
696,915 G Guyana 83 839,657
62%
1,234,488 L Lesotho 51.8 2,383,182
62%
1,875,765 L Liberia 32.2 5,825,356
62%
23,360 M Marshall Islands 65.9 35,448
62%
2,486,174 M Mauritania 45.8 5,428,328
62%
927,901 M Mauritius 73.3 1,265,895
62%
9,960 N Nauru 83 12,000
62%
1,681,608 N North Macedonia 93.1 1,806,238
62%
15,102 P Palau 83.9 18,000
62%
122,760 S Saint Lucia 68.2 180,000
62%
75,779 S Saint Vincent and the Grenadines 76.2 99,448
62%
144,266 S São Tomé and Príncipe 59.1 244,105
62%
118,137 S Seychelles 87.8 134,552
62%
1,920,827 S Slovenia 90.8 2,115,448
62%
562,948 S Suriname 87.4 644,105
62%
1,243,686 T Trinidad and Tobago 82.2 1,513,000
62%
1,668,839 B Bahrain 100 1,668,839
59%
731,000 B Bhutan 91.3 800,657
59%
1,491,578 B Botswana 57.5 2,594,049
59%
451,748 B Brunei 96.3 469,105
59%
1,260,151 B Burundi 8.6 14,652,915
59%
395,575 C Cape Verde 74.7 529,552
59%
501,383 E East Timor 35 1,432,524
59%
524,237 E Eritrea 14.3 3,665,993
59%
1,420,712 G Gambia 49.5 2,870,126
59%
681,603 G Guinea-Bissau 29.8 2,287,259
59%
452,882 M Maldives 85.2 531,552
59%
2,037,874 N Namibia 64.9 3,140,021
59%
247,522 S Solomon Islands 29 247,522
59%
825,750 S South Sudan 6.67 12,380,055
59%
1,310,877 T Turkmenistan 17 7,711,041
59%
780,656 C Central African Republic 13.8 5,656,929
57%
1,236,267 C Cyprus 89.6 1,379,762
57%
2,248,249 S Sierra Leone 25.1 8,957,167
57%
No matching quizzes found
Score Distribution
Percent of People with Each Score
Percentile by Number Answered
Your Score History
You have not taken this quiz